Микоэлементный состав растений-торфообразователей; Проблемы геологии и освоения недр

Bibliographic Details
Parent link:Проблемы геологии и освоения недр.— 2001.— С. 261.
Main Author: Тихомирова Н. О.
Other Authors: Королевич Т. М. (научный руководитель), Надеина И. А., Барнатонис В. К.
Language:Russian
Published: 2001
Subjects:
Format: Book Chapter
KOHA link:https://koha.lib.tpu.ru/cgi-bin/koha/opac-detail.pl?biblionumber=48849

MARC

LEADER 00000naa2a2200000 4500
001 48849
005 20231031032432.0
035 |a (RuTPU)RU\TPU\book\51157 
035 |a RU\TPU\tpu\9052 
090 |a 48849 
100 |a 20030324d2001 k y0rusy50 ca 
101 0 |a rus 
102 |a RU 
200 1 |a Микоэлементный состав растений-торфообразователей  |f Н. О. Тихомирова, Т. М. Королевич, И. А. Надеина  |g науч. рук. В. К. Барнатонис 
463 1 |0 (RuTPU)RU\TPU\book\41379  |y 5-93629-096-4  |t Проблемы геологии и освоения недр  |o Труды Пятого Международного научного симпозиума им. ак. М. А. Усова студентов, аспирантов и молодых ученых, посвященного 100-летию горно-геологического образования в Сибири, Томск, 9-13 апреля 2001 г.  |f Российское геологическое общество;Томский политехнический университет  |v С. 261.  |d 2001  |p 703 с. 
610 1 |a труды учёных ТПУ 
700 1 |a Тихомирова  |b Н. О. 
701 1 |a Королевич  |b Т. М. 
701 1 |a Надеина  |b И. А. 
702 1 |a Барнатонис  |b В. К.  |c доцент  |4 727 
801 1 |a RU  |b 63413507  |c 20020627  |g PSBO 
801 2 |a RU  |b 63413507  |c 20050616  |g PSBO 
942 |c BK